• 首页
  • 本馆介绍
  • 公告通知
  • 最新文献
  • 馆藏检索
  • 电子资源
  • 读者导购
  • 参考咨询
  • 我的图书馆
  • 登录
  • 详细信息显示
  • 放入我的书架
  • 预约/预借图书
  • 作者相关作品
  • 分类相关作品
  • 丛书相关作品
  • 出版社相关作品

书目信息

  • 表格格式
  • 工作单格式
  • 卡片格式
题名:
周恩来珍闻(中)
    
 
作者: 李新芝 刘晴 主编
分册:  
出版信息: 北京   中央文献出版社  
页数:
开本:
丛书名:
单 册:
中图分类: A752:2
科图分类:
主题词: 毛泽东--生平事迹 , 毛泽东--传记
电子资源:
ISBN: 7-5073-2450-8
000 00639nam0 2200205 450
001 2558467244
005 20251216161520.21
010    @a7-5073-2450-8@dCNY680.00
100    @a20251216d km y0chiy0120 ea
101 0  @achi
102    @aCN@b110000
200 1  @a周恩来珍闻(中)@AZhou En Lai Zhen Wen(Zhong)@e1898-1976@f李新芝 刘晴主编@FLi Xin Zhi Liu Qing Zhu Bian
210    @a北京@c中央文献出版社
517 1  @a1898-1976
606 0  @a毛泽东@x生平事迹
606 0  @a毛泽东@x传记
690    @aA752:2@v4
701  0 @a李新芝 刘晴@ALi Xin Zhi Liu Qing@4主编
801  0 @aCN@b大连网信软件有限公司图书馆·11@c20251216
905    @aZUCC@dA752:2@e309
    
    周恩来珍闻(中):1898-1976/李新芝 刘晴主编.-北京:中央文献出版社
    
    
    
    ISBN 7-5073-2450-8:CNY680.00
    
●
相关链接 在E读中查询图书 在五车中查询图书 在当当中查询图书 在豆瓣中查询图书


正题名:周恩来珍闻(中)     索取号:A752:2/309         预约/预借

序号 登录号 条形码 馆藏地/架位号 状态 备注
1 1441984   214419841   第一样本阅览室/ [索取号:A752:2/309] 在馆    
唐山师范学院图书馆 欢迎您!
大连网信软件有限公司© 版权所有